Thiết kế bài giảng Ngữ văn THPT lớp 6 Theo chương trình và sách giáo khoa do Bộ Giáo dục & Đào tạo ban hành 2002 Quyển 2
.
Đã lưu trong:
| Tác giả chính: | |
|---|---|
| Định dạng: | Sách |
| Năm xuất bản: |
H.
Đại học Quốc gia Hà Nội
2002
|
| Chủ đề: | |
| Tags: |
Thêm thẻ
Không có thẻ, Hãy là người đầu tiên gắn thẻ bản ghi này!
|
| LEADER | 00813nam a2200181 4500 | ||
|---|---|---|---|
| 082 | |a 807.1 |b NG527V | ||
| 100 | |a Nguyễn Văn Đường | ||
| 245 | |a Thiết kế bài giảng Ngữ văn THPT lớp 6 |b Theo chương trình và sách giáo khoa do Bộ Giáo dục & Đào tạo ban hành 2002 |c Nguyễn Văn Đường, Hoàng Dân |n Quyển 2 | ||
| 260 | |a H. |b Đại học Quốc gia Hà Nội |c 2002 | ||
| 300 | |a 392tr. |c 24cm. | ||
| 520 | |a . | ||
| 653 | |a Ngữ văn | ||
| 653 | |a Văn học | ||
| 653 | |a Lớp 6 | ||
| 653 | |a Bài giảng | ||
| 942 | |2 ddc |c SH | ||
| 999 | |c 10054 |d 10054 | ||
| 952 | |0 0 |1 0 |2 ddc |4 0 |6 807_100000000000000_NG_527_V |7 0 |8 800 |9 78655 |a qbu |b qbu |c D5 |d 2015-07-16 |g 35000 |l 1 |o 807.1 NG 527 V |p 10040.c1 |r 2017-04-19 |s 2017-02-10 |w 2015-07-16 |y SH |0 0 |6 807_100000000000000_NG_527_V |0 0 |6 807_100000000000000_NG_527_V | ||